| 000 | 00387nam a22001697a 4500 | ||
|---|---|---|---|
| 005 | 20180221163745.0 | ||
| 008 | 160623b xxu||||| |||| 00| 0 eng d | ||
| 020 | _a978-0-07-067107-2 | ||
| 041 | _aeng | ||
| 082 |
_b9056 _a174.4 |
||
| 100 |
_aDes Jrdins, Joseph _92538 |
||
| 245 | _aBusiness Ethics | ||
| 260 |
_bTMH _c2009 |
||
| 300 | _a271 | ||
| 650 |
_aManagement _9241 |
||
| 942 | _cBK | ||
| 999 |
_c3610 _d3609 |
||